000 05724nas1a22006131i 4500
001 RU\NLR\INFOCOMM55\1000085239
005 20240723090955.0
035 _a(NLR Aleph) 002302031
090 _a4235113
_c4235113
100 _a20040922b19261938|||y0rusy50 ca
101 0 _arus
102 _aRU
110 _azyu||||0|y0
200 1 _aИздания
_fСортоводно-семенное упр. Сахаротреста. Рамонская сортоводная и опыт. станция
207 1 _aВып.6-35
210 _aВоронеж
_d1926-1938
320 _aРаботы Рамонской сортоводной и опытной станции Сахаротреста. [Вып.1-26]. (В изд.: Вып.26, 4-я с. обл.)
440 0 _12001#$aРаботы Рамонской свекловичной станции
_tРаботы Рамонской свекловичной станции
710 0 2 _aРамонская опытно-селекционная станция
_4070
801 1 _aRU
_bInfoComm
_c20040922
801 0 _aRU
_bNLR
_gPSBO
852 _aNLR
_j80/989
852 _aNLR
_j18.391.4.40
852 _aNLR
_j86/30
852 _aNLR
_j30.13/284
852 _aNLR
_j30-19/597
852 _aNLR
_jС368-420/П-58
852 _aNLR
_jС369а-420/Р-21
942 _cSE
980 _aRUSPER